[Event "Graz op"]
[Site "Graz"]
[Date "1996.??.??"]
[Round "?"]
[White "Freitag, Manfred"]
[Black "Neuschmied, Siegfried"]
[Result "1-0"]
[WhiteElo "2305"]
[BlackElo "2260"]

1.d4 Nf6 2.c4 g6 3.Nc3 Bg7 4.e4 d6 5.Be2 O-O 6.Nf3 e5 7.O-O Nc6 8.d5 Ne7
9.Ne1 Ne8 10.Nd3 f5 11.f4 exf4 12.Nxf4 c5 13.dxc6 bxc6 14.exf5 Nxf5 15.Kh1 Rb8
16.Bf3 Qb6 17.Re1 Rb7 18.Na4 Qa6 19.Be2 Rb4 20.Nc3 Qb7 21.a3 Rxb2 22.Qd3 Rb3
23.Bd2 Qa6 24.Rac1 Nd4 25.Bf1 Rxa3 26.Nxg6 hxg6 27.Qxg6 Bf5 28.Qh5 Nf6 29.Qg5 Qb7
30.Re3 Nh7 31.Qh4 Qf7 32.Rg3 Bg6 33.Bd3 Bxd3 34.Qxd4 Qf1+ 35.Qg1 Qxc1 36.Bxc1 Rf1
37.Qxf1 Bxf1 38.Bh6 Rxc3 39.Rxg7+ Kh8 40.Rxa7 Rc2 41.Ra8+ Nf8 42.Rxf8+ Kh7
43.Rxf1 Kxh6 44.h3 Kg5 45.Rd1 Rxc4 46.Rxd6 Rc2 47.Kh2 c5 48.Rd8 c4 49.Rf8 Rd2
50.Kg3 c3 51.h4+ Kg6 52.Rc8 c2 53.Rc5 Rd3+ 54.Kg4 Rd4+ 55.Kh3 Rd3+ 56.g3 Rd2
57.h5+ Kh6 58.Kh4 Rh2+ 59.Kg4 Rd2 60.Rc6+ Kg7 61.Kg5 Rd5+ 62.Kh4 Rd4+ 63.g4 Rd2
64.h6+ Kf7 65.Kh5 Rh2+ 66.Kg5 Rd2 67.Rc7+ Kg8 68.Kh5 Kf8 69.g5 Rh2+ 70.Kg6  1-0

[Event "Koop Tjuchem op"]
[Site "Groningen"]
[Date "1996.??.??"]
[Round "8"]
[White "Kiriakov, Petr"]
[Black "Lobzhanidze, Davit"]
[Result "1/2-1/2"]
[WhiteElo "2515"]
[BlackElo "2330"]

1.d4 Nf6 2.c4 g6 3.Nc3 Bg7 4.e4 d6 5.Nf3 O-O 6.Be2 e5 7.O-O Nc6 8.d5 Ne7
9.Ne1 Nd7 10.Be3 f5 11.f3 f4 12.Bf2 g5 13.a4 a5 14.Nd3 b6 15.b4 axb4 16.Nxb4 Nf6
17.Nc6 Nxc6 18.dxc6 Qe8 19.Nd5 Rf7 20.a5 bxa5 21.Qa4 g4 22.Bh4 Nxd5 23.cxd5 g3
24.hxg3 fxg3 25.Bxg3 Qe7 26.Qb5 Bh6 27.Rxa5 Rxa5 28.Qxa5 Rg7 29.Bf2 Bh3 30.Qa8+ Qf8
31.Qxf8+ Kxf8 32.Rb1 Rxg2+ 33.Kf1 Rh2+ 34.Kg1 Rg2+ 35.Kf1 Rh2+ 36.Kg1 Rg2+
37.Kf1 Rh2+ 38.Kg1  1/2-1/2

[Event "Koop Tjuchem op"]
[Site "Groningen"]
[Date "1996.??.??"]
[Round "8"]
[White "Reinderman, Dimitri"]
[Black "Degraeve, Jean Marc"]
[Result "1-0"]
[WhiteElo "2500"]
[BlackElo "2515"]

1.c4 g6 2.Nc3 Bg7 3.d4 Nf6 4.e4 d6 5.Nf3 O-O 6.Be2 e5 7.O-O Nc6 8.d5 Ne7
9.Ne1 Nd7 10.f3 f5 11.Be3 f4 12.Bf2 h5 13.a4 a5 14.Nd3 b6 15.Nb5 g5 16.b4 axb4
17.Be1 g4 18.Bxb4 g3 19.h3 Ng6 20.Re1 Nf6 21.Bf1 Ng4 22.Qe2 Ne3 23.Rec1 Nh4
24.Ne1 Rf7 25.a5 bxa5 26.Bxa5 Ra6 27.Bd2 Bf8 28.Rxa6 Bxa6 29.Ra1 Bb7 30.Bxe3 fxe3
31.Qxe3 Kh7 32.c5 Bh6 33.Qb3 Qg5 34.cxd6 cxd6 35.Nxd6 Qd2 36.Qa2 Qd4+ 37.Kh1 Rd7
38.Nc4 Ng6 39.Nc2 Qc5 40.Qa7 Qc8 41.Nb6  1-0

[Event "Koop Tjuchem op"]
[Site "Groningen"]
[Date "1996.??.??"]
[Round "10"]
[White "Atalik, Suat"]
[Black "Van den Doel, Erik"]
[Result "1-0"]
[WhiteElo "2525"]
[BlackElo "2440"]

1.d4 Nf6 2.c4 g6 3.Nc3 Bg7 4.e4 d6 5.Nf3 O-O 6.Be2 e5 7.O-O Nc6 8.d5 Ne7
9.Ne1 Nd7 10.Kh1 f5 11.exf5 Nxf5 12.Nc2 Bh6 13.Bxh6 Nxh6 14.Qd2 Qh4 15.Kg1 Nf6
16.f4 Bf5 17.g3 Qh3 18.Ne3 Rae8 19.Rae1 Ne4 20.Nxe4 Bxe4 21.fxe5 dxe5 22.Qc3 Nf7
23.Rxf7 Rxf7 24.Bg4 Qh6 25.Be6 Rxe6 26.dxe6 Rf3 27.Re2 Qg5 28.Qd2 Qe7 29.Qd7 Qxd7
30.exd7 Rf8 31.Ng4 Bc6 32.Nxe5  1-0

[Event "Koop Tjuchem op"]
[Site "Groningen"]
[Date "1996.??.??"]
[Round "10"]
[White "Gurevich, Dmitry"]
[Black "Leitao, Rafael"]
[Result "0-1"]
[WhiteElo "2570"]
[BlackElo "2475"]

1.d4 Nf6 2.c4 g6 3.Nc3 Bg7 4.e4 d6 5.Nf3 O-O 6.Be2 e5 7.O-O Nc6 8.d5 Ne7
9.Ne1 Nd7 10.Be3 f5 11.f3 f4 12.Bf2 g5 13.Rc1 Ng6 14.c5 Nxc5 15.b4 Na6 16.Nb5 Bd7
17.Nxa7 Rf7 18.Qc2 Qf6 19.Bxa6 bxa6 20.Qxc7 Be8 21.Qa5 Rfxa7 22.Bxa7 Rxa7
23.Rc8 Kf7 24.Qb6 Qe7 25.Nd3 g4 26.fxg4 Rb7 27.Qxa6 Bb5 28.Qa3 Qd7 29.Rc2 Qxg4
30.Nf2 Qd7 31.Rfc1 Bf6 32.Rc6 Bd8 33.Qb3 Ra7 34.Ra1 Bxc6 35.dxc6+ Qe6 36.Qxe6+ Kxe6
37.a4 Ne7 38.b5 Bb6 39.Kf1 d5 40.Ke2 Nc8 41.exd5+ Kxd5 42.Nd3 Bd4 43.Ra3 Kc4
44.Ne1 e4 45.Kd2 Bb2  0-1

[Event "Koop Tjuchem op"]
[Site "Groningen"]
[Date "1996.??.??"]
[Round "10"]
[White "Ruzele, Darius"]
[Black "Roeder, Mathias"]
[Result "0-1"]
[WhiteElo "2520"]
[BlackElo "2435"]

1.d4 Nf6 2.c4 g6 3.Nc3 Bg7 4.e4 d6 5.Be2 O-O 6.Nf3 e5 7.O-O Nc6 8.d5 Ne7
9.Ne1 Nd7 10.Be3 f5 11.f3 f4 12.Bf2 g5 13.a4 a5 14.Nd3 b6 15.Be1 Rf7 16.b4 Ng6
17.bxa5 bxa5 18.Nb5 Nf6 19.Nf2 h5 20.h3 Bh6 21.Ra3 Bf8 22.Qb3 Rg7 23.c5 Nh8
24.cxd6 Bxd6 25.Nxd6 cxd6 26.Qc3 Nf7 27.Rb3 g4 28.fxg4 hxg4 29.hxg4 Nxg4
30.Nxg4 Bxg4 31.Bxg4 Rxg4 32.Qf3 Qg5 33.Bf2 Qh5 34.Rfb1 Ng5 35.Qc3 f3 36.Rb8+ Kg7
37.R1b7+ Kg6  0-1

[Event "Koop Tjuchem op"]
[Site "Groningen"]
[Date "1996.??.??"]
[Round "10"]
[White "Kiriakov, Petr"]
[Black "Kachiani Gersinska, Ketino"]
[Result "1-0"]
[WhiteElo "2515"]
[BlackElo "2415"]

1.d4 Nf6 2.c4 g6 3.Nc3 Bg7 4.e4 d6 5.Nf3 O-O 6.Be2 e5 7.O-O Nc6 8.d5 Ne7
9.Ne1 Nd7 10.Be3 f5 11.f3 f4 12.Bf2 g5 13.a4 h5 14.a5 a6 15.Na4 Kh8 16.c5 Ng8
17.Nc2 Nh6 18.Na3 g4 19.cxd6 g3 20.hxg3 cxd6 21.Nc4 Rg8 22.Qd2 Qg5 23.Nxd6 Bf8
24.Nxc8 Rxc8 25.Rfc1 Bb4 26.Qxb4 Rxc1+ 27.Rxc1 fxg3 28.Rf1 Qh4 29.Bxg3 Qxg3
30.Rf2 Nf8 31.f4 Ng6 32.Qc3 Qxc3 33.Nxc3 Nxf4 34.Kf1 h4 35.Bf3 Nf7 36.Rc2 Nd6
37.Ne2 Nd3 38.Nc1 Nf4 39.Rc7 Rg7 40.Rc3 Rf7 41.Ne2 Kg7 42.Nxf4 Rxf4 43.Ke2 Nb5
44.Rd3 Nd6 45.Rd1 Kf7 46.Rc1 Nb5 47.Ke3 Ke7 48.Rc8 Nd6 49.Rc7+ Kd8 50.Rh7 Nc4+
51.Kd3 Nxb2+ 52.Kc3 Na4+ 53.Kb4 b5 54.axb6 Nxb6 55.Kc5 Nd7+ 56.Kc6 Nf8 57.Ra7 h3
58.d6  1-0

[Event "Haarlem op"]
[Site "Haarlem"]
[Date "1996.??.??"]
[Round "3"]
[White "Peng, Zhaoqin"]
[Black "Speijer, NB."]
[Result "1-0"]
[WhiteElo "2410"]
[BlackElo "2245"]

1.c4 Nf6 2.Nc3 g6 3.d4 Bg7 4.e4 d6 5.Nf3 O-O 6.Be2 e5 7.O-O Nc6 8.d5 Ne7
9.b4 Nh5 10.Re1 Nf4 11.Bf1 h6 12.c5 g5 13.Nd2 f5 14.Nc4 Rf7 15.cxd6 cxd6
16.Nb5 Rf6 17.Be3 fxe4 18.Bxa7 Bf5 19.Bb6 Qd7 20.Nc3 Raf8 21.Ne3 Bg6 22.Bb5 Qc8
23.Rc1 Bh5 24.Qd2 Nh3+ 25.gxh3 Qxh3 26.Nxe4 Rf4 27.Bf1 Qh4 28.Ng2 Qg4 29.Be2 Qh3
30.Nxf4 Rxf4 31.Rc3  1-0

[Event "Haarlem op"]
[Site "Haarlem"]
[Date "1996.??.??"]
[Round "4"]
[White "Lalic, Bogdan"]
[Black "Peng, Zhaoqin"]
[Result "1-0"]
[WhiteElo "2575"]
[BlackElo "2410"]

1.Nf3 Nf6 2.c4 g6 3.Nc3 Bg7 4.e4 O-O 5.d4 d6 6.Be2 e5 7.O-O Nc6 8.d5 Ne7
9.b4 a5 10.bxa5 Rxa5 11.Nd2 c5 12.Nb3 Ra8 13.a4 Ne8 14.a5 f5 15.f3 Nf6 16.Qc2 Kh8
17.Na4 fxe4 18.fxe4 Neg8 19.Nb6 Rb8 20.Nxc8 Qxc8 21.Nd2 Bh6 22.Nb1 Bxc1 23.Rxc1 Nh5
24.Bxh5 gxh5 25.Nc3 Qg4 26.Rf1 Nh6 27.Nb5 Qg6 28.h3 Nf7 29.Rf5 Ng5 30.Nxd6 Nxh3+
31.Kh2 Qxd6 32.Kxh3 Rxf5 33.exf5 Rg8 34.Rb1 Qf6 35.Rxb7 Rg4 36.g3 Qg5 37.Qf2 Re4  1-0

[Event "Hafnarfjordur op"]
[Site "Hafnarfjordur"]
[Date "1996.??.??"]
[Round "8"]
[White "Halldorsson, Bjorn"]
[Black "Turner, Matthew"]
[Result "0-1"]
[WhiteElo "2270"]
[BlackElo "2425"]

1.d4 Nf6 2.c4 g6 3.Nc3 Bg7 4.e4 d6 5.Be2 O-O 6.Nf3 e5 7.O-O Nc6 8.d5 Ne7
9.Ne1 Ne8 10.f3 f5 11.g4 Kh8 12.Nd3 Ng8 13.Kh1 Bh6 14.f4 exf4 15.gxf5 g5
16.Bf3 Bg7 17.Rg1 Nh6 18.Bd2 Bd7 19.Qf1 Rg8 20.Qh3 Nf7 21.Ne2 Ne5 22.Nxe5 Bxe5
23.Bc3 Bxc3 24.bxc3 Qe7 25.Nd4 Qe5 26.Rae1 Nf6 27.Bg4 Rg7 28.Ne6 Bxe6 29.fxe6 Rag8
30.Bf5 g4 31.Qd3 f3 32.Rg3 Rg5 33.Reg1 Rxf5 34.exf5 Ne4 35.Qxf3 Nxg3+ 36.Qxg3 Qxf5
37.Qe3 Rg7 38.Kg2 Qc2+ 39.Kh1 Qf5 40.Qe2 g3 41.Rf1 Qh3 42.Rf8+ Rg8 43.Rxg8+ Kxg8
44.Qg2 Qxg2+ 45.Kxg2 gxh2 46.Kxh2 b6 47.Kg3 Kg7 48.Kh3 Kf8 49.Kg4 Kg7 50.Kg5 Kf8
51.Kh6 Kg8 52.a3 a6 53.a4 a5 54.c5 dxc5 55.c4 Kf8 56.Kxh7 Ke7 57.Kg6 b5 58.cxb5 c4
59.b6 cxb6 60.Kf5 c3 61.Ke5 c2 62.d6+ Kd8  0-1

[Event "GER-ch U20"]
[Site "Halle"]
[Date "1996.??.??"]
[Round "3"]
[White "Lauber, Arnd"]
[Black "Enzmann, Steffen"]
[Result "1-0"]
[WhiteElo "2380"]
[BlackElo "2150"]

1.d4 Nf6 2.c4 g6 3.Nc3 Bg7 4.e4 d6 5.Nf3 O-O 6.Be2 e5 7.O-O Nc6 8.d5 Ne7
9.Ne1 Ne8 10.Be3 f5 11.f3 f4 12.Bf2 h5 13.c5 g5 14.a4 Rf6 15.a5 Rg6 16.cxd6 Nxd6
17.h3 Kh8 18.Bc5 Ng8 19.Nd3 g4 20.fxg4 hxg4 21.Bxg4 Bxg4 22.hxg4 Qh4 23.Bxd6 cxd6
24.Nf2 Nf6 25.Nb5 Rxg4 26.Ra3 Rg3 27.Nxd6 Bf8 28.Nf5 Qg5 29.Rxg3 fxg3 30.Nh3 Qg6
31.Qf3 Bc5+ 32.Kh1 Nh5 33.Nh4 Qh6 34.Qf5 Rf8 35.Qxe5+ Kh7 36.Qc7+ Ng7 37.Nf5 Bd6
38.Qd7 Qf6 39.Rf3 Qxb2 40.Qxd6 Qc1+  1-0

[Event "Hamburg HSK"]
[Site "Hamburg"]
[Date "1996.??.??"]
[Round "4"]
[White "Chekhov, Valery A"]
[Black "Socko, Bartosz"]
[Result "1-0"]
[WhiteElo "2535"]
[BlackElo "2445"]

1.d4 Nf6 2.c4 g6 3.Nc3 Bg7 4.e4 d6 5.Be2 O-O 6.Nf3 e5 7.O-O Nc6 8.dxe5 Nxe5
9.Bg5 h6 10.Bh4 Nxf3+ 11.Bxf3 Be6 12.Be2 Qd7 13.f4 Rae8 14.Qd3 Bg4 15.Rae1 Nh5
16.h3 Bxe2 17.Rxe2 f5 18.exf5 Rxe2 19.Nxe2 Qxf5 20.Qxf5 gxf5 21.Kf2 Bxb2
22.Rb1 Ba3 23.Rxb7 Bc5+ 24.Kf3 Re8 25.Bf2 Bxf2 26.Kxf2 c5 27.Kf3 Re4 28.Rd7 Rxc4
29.Rxd6 Ra4 30.Rxh6 Ng7 31.Rc6 Ra5 32.Nc3 Kf7 33.a4 Ne6 34.Rd6 Ke7 35.Rd5 Ra6
36.Ke3 Kf6 37.g4 fxg4 38.hxg4 Rb6 39.Ne4+ Ke7 40.Nxc5  1-0

[Event "Hamburg HSK-B"]
[Site "Hamburg"]
[Date "1996.??.??"]
[Round "5"]
[White "Gustafsson, Jan"]
[Black "Trisic, Alexandar"]
[Result "1-0"]
[WhiteElo "2340"]
[BlackElo "2285"]

1.d4 Nf6 2.c4 g6 3.Nc3 Bg7 4.e4 d6 5.Nf3 O-O 6.Be2 e5 7.O-O Nc6 8.dxe5 dxe5
9.Bg5 Qxd1 10.Rfxd1 Bg4 11.h3 Bxf3 12.Bxf3 Nd4 13.Nd5 Nxd5 14.cxd5 f6 15.Bd2 Rfd8
16.Rac1 Nxf3+ 17.gxf3 Rd7 18.Ba5 Rc8 19.Rc4 c5 20.Rdc1 Bf8 21.Bd2 b5 22.R4c2 Bd6
23.b3 Rdc7 24.Kf1 Kf7 25.Ke2 Ke8 26.Ba5 Rb7 27.Bc3 Ke7 28.Bd2 Rbc7 29.Kd3 Kd7
30.Be3 a5 31.a4 b4 32.Kc4 Rb7 33.Rg1 Kc7 34.Rg4 g5 35.h4 h6 36.Rc1 Kb6 37.Rh1 Bf8
38.Rhg1 Rd7 39.Kd3 Rd6 40.Ke2 Rd7 41.Rc1 Rf7 42.Kf1 f5 43.exf5 Rxf5 44.hxg5 hxg5
45.Ke2 Rc7 46.Rh1 Kb7 47.Rhg1 Rcf7 48.Rxg5 Rxg5 49.Bxg5 Rd7 50.Rd1 Kc7 51.Ke3 Kd6
52.Ke4 Be7 53.Be3 Bf6 54.Rc1 Rc7 55.f4 c4 56.bxc4  1-0

[Event "Helsinki op"]
[Site "Helsinki"]
[Date "1996.??.??"]
[Round "?"]
[White "Johansson, Jan"]
[Black "Norri, Joose"]
[Result "1-0"]
[WhiteElo "2365"]
[BlackElo "2385"]

1.d4 Nf6 2.c4 g6 3.Nc3 Bg7 4.e4 d6 5.Nf3 O-O 6.Be2 e5 7.O-O Nc6 8.d5 Ne7
9.Nd2 a5 10.a3 Bd7 11.b3 c5 12.Rb1 Ne8 13.b4 axb4 14.axb4 b6 15.Qb3 f5 16.bxc5 bxc5
17.Qb6 f4 18.Qxd8 Rxd8 19.Rb7 Rf7 20.Bb2 Bc8 21.Rb8 Nf6 22.Nb5 Nd7 23.Ra8 Nb6
24.Rb8 Nd7 25.Ra8 Nf6 26.Rfa1 Bf8 27.Bc3 Rd7 28.Bd1 Bb7 29.Rb8 Nc8 30.Ba4 Nb6
31.Ba5 Nxa4 32.Rxa4 Kg7 33.Bc7 Bxd5 34.cxd5 Rxc7 35.Nxc7 Rxc7 36.f3 g5 37.Nc4 Kf7
38.Ra6 Rd7 39.Rbb6 Ne8 40.Kf2 h5 41.Na5 Be7 42.Rb7 Rxb7 43.Nxb7 Kf8 44.Rc6 Kf7
45.Ke2 g4 46.Kd3 Kf8 47.Kc4 Kf7 48.Kb5 Kf8 49.Rc8 Kf7 50.Kc6 Bf8 51.Nd8+ Ke7
52.Ne6 Bh6 53.Ra8  1-0

[Event "Helsinki-ch "]
[Site "Helsinki"]
[Date "1996.??.??"]
[Round "?"]
[White "Niemela, Antti"]
[Black "Agopov, Mikael"]
[Result "1/2-1/2"]
[WhiteElo "2220"]
[BlackElo "2230"]

1.d4 Nf6 2.c4 g6 3.Nc3 Bg7 4.e4 d6 5.Nf3 O-O 6.Be2 e5 7.O-O Nc6 8.d5 Ne7
9.Nd2 Ne8 10.b4 f5 11.c5 Kh8  1/2-1/2

[Event "Helsinki sim"]
[Site "Helsinki"]
[Date "1996.??.??"]
[Round "4"]
[White "Karpov, Anatoly"]
[Black "Yrjola, Jouni"]
[Result "1-0"]
[WhiteElo "2770"]
[BlackElo "2460"]

1.d4 d6 2.Nf3 g6 3.c4 Bg7 4.Nc3 Nf6 5.e4 O-O 6.Be2 e5 7.O-O Nc6 8.d5 Ne7
9.b4 Nh5 10.Re1 f5 11.Ng5 Nf6 12.Bf3 fxe4 13.Ngxe4 Nf5 14.Bg5 Nd4 15.Be2 Bf5
16.Bd3 Qd7 17.Bxf6 Bxf6 18.Ne2 Bh4 19.N4g3 Bg4 20.Qd2 Bxe2 21.Bxe2 Rf4 22.Bd3 Raf8
23.Rf1 Qg7 24.Rae1 h5 25.c5 Be7 26.cxd6 cxd6 27.Ne2 Nxe2+ 28.Rxe2 Bd8 29.g3 R4f6
30.Kg2 g5 31.h3 Bb6 32.Be4 R6f7 33.Qc1 Rc7 34.Rc2 Rfc8 35.Qd1 Rxc2 36.Bxc2 Qf7
37.Qd2 Qf6 38.Qe2 Rc3 39.Be4 Qf7 40.Qd2 Rc4 41.Qxg5+ Qg7 42.Qf5 Rxb4 43.Qc8+ Qf8
44.Qc2 Bd4 45.Bf3 h4 46.Qg6+ Qg7 47.Qe6+ Qf7 48.Qxd6 Rb2 49.Qd8+ Kg7 50.Qxh4 Rxa2
51.d6 Qe6 52.Qg5+ Kf8 53.Qd8+ Qe8 54.Qf6+ Qf7 55.Qxf7+ Kxf7 56.Bd5+  1-0

[Event "Helsinki sim"]
[Site "Helsinki"]
[Date "1996.??.??"]
[Round "5"]
[White "Karpov, Anatoly"]
[Black "Maki, Veijo"]
[Result "0-1"]
[WhiteElo "2770"]
[BlackElo "2420"]

1.d4 Nf6 2.c4 g6 3.Nc3 Bg7 4.e4 d6 5.Nf3 O-O 6.Be2 e5 7.O-O Nc6 8.d5 Ne7
9.b4 Nh5 10.Re1 a5 11.Ba3 axb4 12.Bxb4 b6 13.a4 Nf4 14.Bf1 f5 15.h3 h6 16.a5 bxa5
17.Bxa5 fxe4 18.Nxe4 Bf5 19.Nfd2 Qd7 20.Bb4 g5 21.Re3 Bg6 22.Rea3 Rab8 23.Bc3 Nf5
24.Ra7 Nd4 25.Ba5 Bxe4 26.Nxe4 Qf5 27.f3 Nxh3+ 28.Kh1 Rb2 29.Bc3 Nf2+ 30.Nxf2 Rxf2
31.Bxd4 exd4 32.Qe1 Rb2 33.Qe7 g4 34.Rxc7 Be5 35.f4 g3 36.Qe6+ Qxe6 37.dxe6 Bxf4
38.Bd3 Bg5 39.Kg1 Rbf2 40.Kh1 R2f4 41.Kg1 Rh4 42.Re1 Be3+ 43.Rxe3 dxe3 44.e7 Ra8
45.Kf1 Kf7 46.Ke2 Re8 47.Rc6  0-1

[Event "ROM-ch"]
[Site "Herculane"]
[Date "1996.??.??"]
[Round "2"]
[White "Dumitrache, Dragos"]
[Black "Teodorescu, Florin Cornel"]
[Result "1-0"]
[WhiteElo "2495"]
[BlackElo "2320"]

1.d4 Nf6 2.c4 g6 3.Nc3 Bg7 4.e4 d6 5.Be2 O-O 6.Nf3 e5 7.O-O Nc6 8.d5 Ne7
9.b4 Nh5 10.Re1 Kh8 11.c5 Ng8 12.Nd2 Nf4 13.Bf1 f5 14.Nc4 Nf6 15.g3 fxe4
16.gxf4 Ng4 17.Nxe4 exf4 18.Rb1 Qh4 19.h3 Nxf2 20.Nxf2 Qg3+ 21.Kh1 Qxf2 22.Bb2 Bf5
23.Re7 Rf7 24.Qe1 Rxe7 25.Bxg7+ Rxg7 26.Qxf2 Bxb1 27.cxd6 Be4+ 28.Kg1 Bxd5
29.dxc7 Bxc4 30.Bxc4 Rxc7 31.Qxf4 Rg7 32.Kf2 Rd8 33.Kg3 g5 34.Qf6 Rc8 35.Be6 Re8
36.Kg4 a6 37.Kh5 b6 38.Kh6 Rxe6 39.Qxe6 Rg6+ 40.Qxg6 hxg6 41.Kxg6  1-0

[Event "ROM-ch"]
[Site "Herculane"]
[Date "1996.??.??"]
[Round "14"]
[White "Teodorescu, Florin Cornel"]
[Black "Bogdan, Dan"]
[Result "1/2-1/2"]
[WhiteElo "2320"]
[BlackElo "2395"]

1.Nf3 Nf6 2.c4 g6 3.Nc3 Bg7 4.e4 d6 5.d4 O-O 6.Be2 e5 7.O-O Nc6 8.d5 Ne7
9.Ne1 Nd7 10.Nd3 f5 11.f3 f4 12.b4 h5  1/2-1/2

[Event "HUN-chT2 9596"]
[Site "HUN"]
[Date "1996.??.??"]
[Round "8"]
[White "Kaman, Attila"]
[Black "Molnar, Laszlo"]
[Result "1-0"]
[WhiteElo "2185"]
[BlackElo "2260"]

1.d4 Nf6 2.Nf3 g6 3.c4 Bg7 4.Nc3 O-O 5.e4 d6 6.Be2 e5 7.O-O Nc6 8.d5 Ne7
9.Nd2 c5 10.Rb1 Ne8 11.b4 f5 12.a4 Bh6 13.bxc5 dxc5 14.Nb3 Bxc1 15.Qxc1 b6
16.f4 Qd6 17.Nb5 Qf6 18.Qb2 exf4 19.e5 Qh4 20.Qd2 Bb7 21.Rxf4 Qg5 22.Nc3 Ng7
23.Nxc5 bxc5 24.Rxb7 Rab8 25.h4 Qxf4 26.Qxf4 Rxb7 27.Bf3 Rb4 28.e6 Nc8 29.d6 Nb6
30.e7 Rc8 31.a5 Rxc4 32.Bd5+  1-0

[Event "HUN-chT1 9596"]
[Site "HUN"]
[Date "1996.??.??"]
[Round "9"]
[White "Karolyi, Tibor Jr"]
[Black "Tegzes, Laszlo"]
[Result "0-1"]
[WhiteElo "2385"]
[BlackElo "2200"]

1.d4 Nf6 2.c4 g6 3.Nc3 Bg7 4.e4 d6 5.Be2 O-O 6.Nf3 e5 7.O-O Nc6 8.d5 Ne7
9.Ne1 Nd7 10.Be3 f5 11.f3 f4 12.Bf2 a5 13.a3 g5 14.Nd3 Ng6 15.c5 Nf6 16.Rc1 Rf7
17.Kh1 Bf8 18.cxd6 cxd6 19.Na4 g4 20.Nb6 Rb8 21.Qa4 g3 22.Nxc8 gxf2 23.Na7 Nh5
24.Nxf2 Ng3+ 25.hxg3 fxg3 26.Nh3 Nf4 27.Bb5 Qh4 28.Bd7 b5  0-1

[Event "HUN-chT1 9596"]
[Site "HUN"]
[Date "1996.??.??"]
[Round "13"]
[White "Kovacs, Elod"]
[Black "Kahn, Evarth"]
[Result "0-1"]
[WhiteElo "2245"]
[BlackElo "2400"]

1.d4 Nf6 2.c4 g6 3.Nc3 Bg7 4.e4 O-O 5.Nf3 d6 6.Be2 e5 7.O-O Nc6 8.d5 Ne7
9.Ne1 Nd7 10.f3 f5 11.g4 Kh8 12.Be3 Ng8 13.Qd2 fxg4 14.fxg4 Rxf1+ 15.Bxf1 Nc5
16.h3 a5 17.g5 Bd7 18.Bg2 Ne7 19.Nd3 b6 20.Rf1 c6 21.Rd1 cxd5 22.cxd5 Nc8
23.Nf2 Na7 24.Qe2 Rc8 25.Ng4 b5 26.Qf2 b4 27.Ne2 Bxg4 28.hxg4 Qd7 29.Qh4 Nb5
30.Kh2 Nd4 31.Nxd4 exd4 32.Bxd4 Bxd4 33.Rxd4 Qe7 34.Rd1 Nd7 35.Qf2 Qxg5 36.Rf1 Ne5
37.Bh3 Kg7 38.Kg3 h5 39.Qf4 h4+ 40.Kg2 Rc2+ 41.Kh1 Qxf4 42.Rxf4 g5 43.Rf5 Kg6  0-1

[Event "HUN-chT1 9596"]
[Site "HUN"]
[Date "1996.??.??"]
[Round "13"]
[White "Halasz, Tamas"]
[Black "Borocz, Istvan"]
[Result "1/2-1/2"]
[WhiteElo "2365"]
[BlackElo "2415"]

1.d4 Nf6 2.Nf3 g6 3.c4 Bg7 4.Nc3 O-O 5.e4 d6 6.Be2 e5 7.O-O Nc6 8.d5 Ne7
9.b4 Nh5 10.c5 Nf4 11.Bxf4 exf4 12.Rc1 a5 13.Nb5 axb4 14.cxd6 cxd6 15.Qb3 Bg4
16.Rc2 Qb6 17.Qxb4 Bxf3 18.Bxf3 Be5 19.Rb1 Rfc8 20.Nc7 Qxb4 21.Rxb4 Ra7 22.Rbc4 b5
23.Nxb5 Rxc4 24.Rxc4 Rxa2 25.g3 Rb2 26.Na7 g5 27.Nc6 Ng6 28.Bh5 Bf6 29.Kg2 Ne5  1/2-1/2

[Event "HUN-chT1 9697"]
[Site "Hungary"]
[Date "1996.??.??"]
[Round "1"]
[White "Csiszar, Zoltan"]
[Black "Forgacs, Attila"]
[Result "1-0"]
[WhiteElo "2230"]
[BlackElo "2195"]

1.d4 Nf6 2.c4 g6 3.Nc3 Bg7 4.e4 d6 5.Nf3 O-O 6.Be2 e5 7.O-O Nc6 8.d5 Ne7
9.b4 Nh5 10.g3 f5 11.Ng5 Nf6 12.f3 f4 13.Kg2 h6 14.Ne6 Bxe6 15.dxe6 c6 16.b5 Kh7
17.Rb1 d5 18.bxc6 bxc6 19.cxd5 cxd5 20.Ba3 d4 21.Rb7 Qc8 22.Qb3 Nfg8 23.Nd5 Nxd5
24.exd5 Rb8 25.Ba6 Rxb7 26.Bxb7 Qb8 27.e7 Re8 28.d6  1-0

[Event "HUN-chT1 9697"]
[Site "Hungary"]
[Date "1996.??.??"]
[Round "2"]
[White "Csiszar, Csaba"]
[Black "Sinkovics, Peter"]
[Result "0-1"]
[WhiteElo "2375"]
[BlackElo "2405"]

1.d4 Nf6 2.c4 g6 3.Nc3 Bg7 4.e4 d6 5.Nf3 O-O 6.Be2 e5 7.O-O Nc6 8.d5 Ne7
9.b4 Nh5 10.g3 f5 11.Ng5 Nf6 12.f3 c6 13.c5 h6 14.Bc4 Kh8 15.Ne6 Bxe6 16.dxe6 d5
17.exd5 Nfxd5 18.Nxd5 Nxd5 19.Qb3 Qe7 20.Bxd5 cxd5 21.Qxd5 e4 22.Bf4 Bxa1
23.Rxa1 Rfe8 24.fxe4 Qxe6 25.Qxe6 Rxe6 26.exf5 gxf5 27.b5 Rae8 28.a4 Kh7
29.Kf2 Re2+ 30.Kf3 Rc2 31.Rd1 Rc3+ 32.Kf2 Re4 33.Rd7+ Kg6 34.Rd6+ Kf7 35.c6 bxc6
36.bxc6 Rxa4 37.Rxh6 Ra2+ 38.Ke1 Rcc2 39.Kd1 Rg2 40.Rh7+ Kg6  0-1

[Event "HUN-chT1 9697"]
[Site "Hungary"]
[Date "1996.??.??"]
[Round "5"]
[White "Laihonen, Petteri"]
[Black "Vigh, Bela"]
[Result "1-0"]
[WhiteElo "2245"]
[BlackElo "2360"]

1.d4 Nf6 2.c4 g6 3.Nc3 Bg7 4.e4 d6 5.Be2 O-O 6.Nf3 e5 7.O-O Nc6 8.d5 Ne7
9.Ne1 Nd7 10.Nd3 f5 11.Bd2 Nf6 12.f3 f4 13.g4 fxg3 14.hxg3 h5 15.Kg2 h4 16.g4 Nh7
17.g5 h3+ 18.Kh2 Bd7 19.c5 Nc8 20.Rg1 Rf7 21.Be3 Ne7 22.Rc1 Bf8 23.b4 Nc8
24.Qd2 Be7 25.Rg3 a5 26.b5 c6 27.a4 Qf8 28.Nb2 cxb5 29.c6 bxc6 30.dxc6 Bxc6
31.axb5 Bb7 32.Bc4 Kg7 33.Bxf7 Qxf7 34.Nd5 Bd8 35.Nc4 Nf8 36.Ndb6 Nxb6 37.Nxb6 Bxb6
38.Bxb6 Ne6 39.Qxd6 Qf4 40.Qe7+ Kh8 41.Be3  1-0

[Event "Imperia op"]
[Site "Imperia"]
[Date "1996.??.??"]
[Round "5"]
[White "Etchegaray, Patrice"]
[Black "Kucera, Petr"]
[Result "1-0"]
[WhiteElo "2295"]
[BlackElo "2325"]

1.d4 Nf6 2.c4 d6 3.Nf3 g6 4.Nc3 Bg7 5.e4 O-O 6.Be2 e5 7.O-O Nc6 8.d5 Ne7
9.Ne1 Ne8 10.Nd3 f5 11.Bd2 Nf6 12.f3 f4 13.g4 fxg3 14.hxg3 Rf7 15.Kg2 h6
16.b4 g5 17.Rh1 Ng6 18.a4 Qf8 19.a5 Bd7 20.c5 Rc8 21.a6 b6 22.Be3 Be8 23.Rc1 Re7
24.Nf2 Ra8 25.Bb5 Rf7 26.Bxe8 Nxe8 27.Nb5 Bf6 28.Qe2 Bd8 29.Rc3 Ng7 30.Ng4  1-0

[Event "ISR-chT"]
[Site "Israel"]
[Date "1996.??.??"]
[Round "3"]
[White "Mikhalevski, Victor"]
[Black "Manor, Ilan"]
[Result "1-0"]
[WhiteElo "2495"]
[BlackElo "2510"]

1.d4 Nf6 2.Nf3 g6 3.c4 Bg7 4.Nc3 O-O 5.e4 d6 6.Be2 e5 7.O-O Nc6 8.Be3 Re8
9.dxe5 dxe5 10.h3 Be6 11.c5 Qc8 12.Qa4 Nh5 13.Rfd1 Nf4 14.Bf1 Bd7 15.Qc2 Ne6
16.Bc4 Ned4 17.Bxd4 Nxd4 18.Nxd4 exd4 19.Nd5 c6 20.Nf4 b6 21.Re1 Re5 22.Nd3 Rh5
23.Qe2 Bxh3 24.Qf3 Be6 25.Bxe6 fxe6 26.Rac1 b5 27.e5 Qd7 28.Re4 Rf5 29.Qg4 Rd8
30.a4 bxa4 31.Rc4 Qc7 32.Qe2 Rd5 33.Rxa4 Bxe5 34.g4 Bh2+ 35.Kg2 Rf7 36.Rxe6 Bf4
37.Ra6 Qb7 38.Raxc6 Bd6 39.Rc8+ Qxc8 40.Re8+ Qxe8 41.Qxe8+ Bf8 42.c6 Rd6
43.Ne5 Rg7 44.Nd7 Rf7 45.c7 Rdxd7 46.c8=Q Rde7 47.Qed8 Re4 48.Qd5 Rf4 49.f3 h6
50.b4 Kh7 51.b5 Bg7 52.Qe8 Rf8 53.Qe7  1-0

[Event "ISR-chT"]
[Site "Israel"]
[Date "1996.??.??"]
[Round "4"]
[White "Mikhalevski, Victor"]
[Black "Lahav, Ehud"]
[Result "1/2-1/2"]
[WhiteElo "2495"]
[BlackElo "2365"]

1.d4 Nf6 2.c4 g6 3.Nc3 Bg7 4.e4 d6 5.Be2 O-O 6.Nf3 e5 7.O-O Nc6 8.Be3 Ng4
9.Bg5 f6 10.Bh4 g5 11.Bg3 Nh6 12.dxe5 fxe5 13.h3 g4 14.hxg4 Bxg4 15.Qd5+ Kh8
16.c5 Bxf3 17.Bxf3 Nd4 18.cxd6 c6 19.Qc5 b6 20.Qc4 Nxf3+ 21.gxf3 Qxd6 22.Kg2 Qf6
23.Qe2 Nf7 24.Rh1 Ng5 25.Rh5 Qg6 26.Rah1 h6  1/2-1/2

[Event "ISR-chT"]
[Site "Israel"]
[Date "1996.??.??"]
[Round "6"]
[White "Sorkin, Igor"]
[Black "Avrukh, Boris"]
[Result "1/2-1/2"]
[WhiteElo "2290"]
[BlackElo "2495"]

1.d4 Nf6 2.c4 g6 3.Nc3 Bg7 4.e4 d6 5.Nf3 O-O 6.Be2 e5 7.O-O Nc6 8.d5 Ne7
9.Nd2 a5 10.b3 Nd7 11.Ba3 f5 12.b4 axb4 13.Bxb4 b6 14.a4 Nf6 15.Bd3 Bh6 16.Nb5 Bxd2
17.Qxd2 fxe4 18.Bc2 Nf5 19.Rfe1 Bd7 20.Nc3 Nd4 21.Bd1 Bf5 22.Ne2 Nxe2+ 23.Bxe2 Qd7
24.a5 bxa5 25.Bxa5 Rab8 26.Bc3 Rb7 27.Bd1 Qf7 28.h3 Kh8 29.Qe3 g5 30.Qxg5 Bxh3
31.Qh4 Bf5 32.Bd2 Nd7 33.Be3 Rg8 34.Be2 Qg6 35.g3 Nf6 36.Reb1 Rxb1+ 37.Rxb1 Ng4
38.Bxg4 Bxg4 39.Rb7 Qf7 40.Bg5 Rf8 41.Be3 Bf3 42.Kh2  1/2-1/2

[Event "ISR-ch"]
[Site "Jerusalem"]
[Date "1996.??.??"]
[Round "6"]
[White "Volman, Horassio"]
[Black "Zaltz, Dov"]
[Result "1-0"]
[WhiteElo "2210"]
[BlackElo "2260"]

1.d4 Nf6 2.Nf3 g6 3.c4 Bg7 4.Nc3 O-O 5.e4 d6 6.Be2 e5 7.O-O Nc6 8.d5 Ne7
9.b4 a5 10.bxa5 Rxa5 11.Nd2 Nd7 12.Nb3 Ra8 13.a4 f5 14.f3 Rf7 15.c5 Nf6 16.cxd6 cxd6
17.Be3 f4 18.Bf2 g5 19.a5 Bd7 20.Bb6 Qe8 21.Nd2 Nc8 22.Bf2 Qd8 23.Nc4 Bf8
24.Qb3 Be8 25.Rfc1 Rg7 26.Nb6 Rb8 27.Nb5 Bxb5 28.Bxb5 g4 29.Nxc8 Rxc8 30.Bb6 Rxc1+
31.Rxc1 Qb8 32.Kf2 h5 33.Qc4 h4 34.Qc8 Qxc8 35.Rxc8 h3 36.gxh3 gxf3 37.Kxf3 Rh7
38.Bf1 Nd7 39.Rc7 Nc5 40.Rxh7 Kxh7 41.Bb5 Be7 42.Bc6 Kg7 43.Bxb7 Nd7 44.Bc7 Nc5
45.a6 Nd3 46.a7 Ne1+ 47.Ke2 Bh4 48.a8=Q f3+ 49.Kf1 Ng2 50.Bb6  1-0